000 00267nam a22001097a 4500
008 230623b xxu||||| |||| 00| 0 eng d
082 _a328.9494
_bSWI
245 _aThe Swiss Federal Assembly
260 _bService of parliament
_c1992
300 _a47p
942 _2ddc
_cBK
999 _c2434
_d2434